|
|
|
|
| LEADER |
01711nam a2200529 4500 |
| 001 |
ocn897884974 |
| 003 |
OCoLC |
| 005 |
20170124071504.5 |
| 006 |
m o d |
| 007 |
cr ||||||||||| |
| 008 |
141117s2014 nju o 000 0 eng d |
| 040 |
|
|
|a UKMGB
|b eng
|e pn
|c UKMGB
|d OCLCO
|d EBLCP
|d IDEBK
|d DG1
|d OCLCF
|d RECBK
|d UXW
|d DEBSZ
|d OCLCQ
|d DEBBG
|d OCLCQ
|d GrThAP
|
| 016 |
7 |
|
|a 016965775
|2 Uk
|
| 019 |
|
|
|a 908039556
|
| 020 |
|
|
|a 9781118989975
|q (electronic bk.)
|
| 020 |
|
|
|a 111898997X
|q (electronic bk.)
|
| 020 |
|
|
|a 9781118989982
|q (electronic bk.)
|
| 020 |
|
|
|a 1118989988
|q (electronic bk.)
|
| 020 |
|
|
|a 9781118989968
|
| 020 |
|
|
|a 1118989961
|
| 020 |
|
|
|a 9781322572444
|
| 020 |
|
|
|a 1322572445
|
| 029 |
1 |
|
|a CHBIS
|b 010442417
|
| 029 |
1 |
|
|a CHVBK
|b 334086434
|
| 029 |
1 |
|
|a DEBBG
|b BV042990488
|
| 029 |
1 |
|
|a DEBBG
|b BV043397366
|
| 029 |
1 |
|
|a DEBSZ
|b 431874417
|
| 029 |
1 |
|
|a DEBSZ
|b 475035801
|
| 029 |
1 |
|
|a NZ1
|b 16078549
|
| 035 |
|
|
|a (OCoLC)897884974
|z (OCoLC)908039556
|
| 050 |
|
4 |
|a TD196.P4 .F384 2015
|
| 082 |
0 |
4 |
|a 628.16833
|2 23
|
| 049 |
|
|
|a MAIN
|
| 245 |
0 |
0 |
|a Handbook of oil spill science and technology /
|c edited by Merv Fingas.
|
| 246 |
3 |
0 |
|a Oil spill science and technology
|
| 264 |
|
1 |
|a Hoboken :
|b John Wiley & Sons,
|c 2014.
|
| 300 |
|
|
|a 1 online resource
|
| 336 |
|
|
|a text
|b txt
|2 rdacontent
|
| 337 |
|
|
|a computer
|b c
|2 rdamedia
|
| 338 |
|
|
|a online resource
|b cr
|2 rdacarrier
|
| 588 |
0 |
|
|a CIP data; resource not viewed.
|
| 650 |
|
0 |
|a Oil spills.
|
| 650 |
|
7 |
|a Oil spills.
|2 fast
|0 (OCoLC)fst01044773
|
| 655 |
|
4 |
|a Electronic books.
|
| 700 |
1 |
|
|a Fingas, Mervin F.,
|e editor.
|
| 856 |
4 |
0 |
|u https://doi.org/10.1002/9781118989982
|z Full Text via HEAL-Link
|
| 994 |
|
|
|a 92
|b DG1
|